Movies Quiz

Random Movies or DC Comics Quiz

Was I in Superman vs Batman the Movie? Quiz Stats

 Plays Quiz not verified by Sporcle

Score 0/20 Timer 01:00
0 Plays Today
% Correct
Yes
93.8%
Yes
91.7%
No
91.3%
No
91%
No
90.7%
Yes
90.3%
No
90.3%
Yes
90.3%
No
90%
Yes
90%
% Correct
No
89.3%
Yes
88.6%
No
88.2%
Yes
86.9%
No
86.2%
Yes
84.8%
No
83%
No
80.3%
Yes
77.5%
Yes
72%

You're not logged in!

Compare scores with friends on all Sporcle quizzes.
OR
Log In

Sporcle TV

Today on Sporcle TV


Watch our educational content, quiz creation guides, and fun videos on Sporcle TV.

Show Comments

Extras

Created Jul 17, 2016ReportNominate
Tags:DC Comics Quiz, Batman, Superman

Top Quizzes Today


Score Distribution

Your Account Isn't Verified!

In order to create a playlist on Sporcle, you need to verify the email address you used during registration. Go to your Sporcle Settings to finish the process.

Report this User

Report this user for behavior that violates our Community Guidelines.

Details: